| 000 | 00000nam 2200000za 4500 |
| 001 | 9.694256 |
| 003 | CaOODSP |
| 005 | 20210827140437 |
| 007 | cr ||||||||||| |
| 008 | 150407|1991||||xxc|||||o f|0| 0 eng d |
| 040 | |aCaOODSP|beng |
| 043 | |an-cn--- |
| 086 | 1 |aH14-57/1991E-PDF |
| 110 | 1 |aCanada. |bNational Health and Welfare. |
| 245 | 10|aMaking a difference : |h[electronic resource]|bthe impact of the Health Promotion Directorate's social marketing campaigns (1987-1991) |
| 250 | |a[First edition] |
| 260 | |aOttawa - Ontario : |bNational Health and Welfare |c[1991]. |
| 300 | |a82p.|bfig., graphs, illus., tables |
| 500 | |aFor a revised edition, please see H14-57/1992E-PDF. |
| 520 | 3 |a“The Department of National Health and Welfare currently implements four health promotion social marketing campaigns. This report concerns three of these campaigns, each of which is part of a comprehensive national program: "Really Me/Drogues, pas besoin!" (Canada’s Drug Strategy); "Play It Smart/Moi, J’ai toute ma tête!" (National Program on Impaired Driving); and "Break Free/Fumer, c’est fini!" (National Strategy to Reduce Tobacco Use).”—Executive Summary, Page i of viii. |
| 590 | |a11-05-Supp|b2011-03-15 |
| 690 | 07|aAdolescents|2gcpds |
| 690 | 07|aHealth promotion|2gcpds |
| 690 | 07|aSocial programs|2gcpds |
| 775 | 08|tUne entreprise fructueuse : |w(CaOODSP)9.638431 |
| 794 | |tMaking a difference II : |w(CaOODSP)9.694259 |
| 856 | 40|ahttp://publications.gc.ca|qPDF|s2 MB|uhttps://publications.gc.ca/collections/collection_2011/sc-hc/H14-57-1991-eng.pdf |